La guerra del siglo XXI / (Registro nro. 11655)
[ vista simple ]
| 000 -LEADER | |
|---|---|
| fixed length control field | 01207nam a2200265Ia 4500 |
| 003 - CONTROL NUMBER IDENTIFIER | |
| control field | OSt |
| 005 - DATE AND TIME OF LATEST TRANSACTION | |
| control field | 20210505133040.0 |
| 008 - FIXED-LENGTH DATA ELEMENTS--GENERAL INFORMATION | |
| fixed length control field | 210310s1992 ar gr 000 0 spa d |
| 020 ## - INTERNATIONAL STANDARD BOOK NUMBER | |
| International Standard Book Number | 9501512320 |
| 040 ## - CATALOGING SOURCE | |
| Original cataloging agency | CO-JMCR |
| Transcribing agency | CO-JMCR |
| 041 1# - LANGUAGE CODE | |
| Language code of text/sound track or separate title | spa |
| Language code of original | eng |
| 082 04 - DEWEY DECIMAL CLASSIFICATION NUMBER | |
| Classification number | 337.52 / |
| Item number | T542g |
| Edition number | 23 |
| 100 1# - MAIN ENTRY--PERSONAL NAME | |
| Personal name | Thurow, Lester, |
| Relator term | autor |
| 9 (RLIN) | 26072 |
| 245 13 - TITLE STATEMENT | |
| Title | La guerra del siglo XXI / |
| Statement of responsibility, etc. | Lester Thurow ; traducción, Aníbal Leal |
| 246 0# - VARYING FORM OF TITLE | |
| Title proper/short title | Head to head |
| 260 ## - PUBLICATION, DISTRIBUTION, ETC. | |
| Place of publication, distribution, etc. | Buenos Aires, Argentina : |
| Name of publisher, distributor, etc. | Javier Vergara, |
| Date of publication, distribution, etc. | 1992. |
| 300 ## - PHYSICAL DESCRIPTION | |
| Extent | 373 páginas ; |
| Dimensions | 23 cm. |
| 500 ## - GENERAL NOTE | |
| General note | Datos biográficos del autor en solapa frontal. |
| 505 0# - FORMATTED CONTENTS NOTE | |
| Formatted contents note | El Oso de los bosques se marcho. -- Un nuevo juego económico. -- La casa de Europa: catalizador del cambio. -- Japón: el desafío de las economías de producción. -- Estados Unidos de América: la destrucción de la gran Muralla. -- Enriquecerse. -- Los problemas que se agravan. -- ¿Quién dominara el siglo XXI?. -- Un plan de Juego norteamericano. |
| 650 14 - SUBJECT ADDED ENTRY--TOPICAL TERM | |
| Topical term or geographic name entry element | Países de la Comunidad Económica Europea. |
| 9 (RLIN) | 37430 |
| 650 24 - SUBJECT ADDED ENTRY--TOPICAL TERM | |
| Topical term or geographic name entry element | Previsión económica |
| 9 (RLIN) | 37431 |
| 650 24 - SUBJECT ADDED ENTRY--TOPICAL TERM | |
| Topical term or geographic name entry element | Historia economica |
| 9 (RLIN) | 37432 |
| 700 1# - ADDED ENTRY--PERSONAL NAME | |
| Personal name | Leal, Aníbal, |
| Relator term | traductor |
| 9 (RLIN) | 37433 |
| 942 ## - ADDED ENTRY ELEMENTS (KOHA) | |
| Source of classification or shelving scheme | Dewey Decimal Classification |
| Koha item type | Books |
| Withdrawn status | Lost status | Source of classification or shelving scheme | Damaged status | Not for loan | Home library | Current library | Shelving location | Date acquired | Source of acquisition | Full call number | Barcode | Date last seen | Copy number | Price effective from | Koha item type |
|---|---|---|---|---|---|---|---|---|---|---|---|---|---|---|---|
| Dewey Decimal Classification | Biblioteca Pública José María del Castillo y Rada | Biblioteca Pública José María del Castillo y Rada | General Stacks | 04/15/2018 | Donación | 337.52 / T542g | 430002075 | 05/16/2024 | Ej.1 | 03/10/2021 | Books |